| 000 | 00573nam a2200193Ia 4500 | ||
|---|---|---|---|
| 999 |
_c3576 _d3576 |
||
| 003 | OSt | ||
| 005 | 20200812123409.0 | ||
| 008 | 190216s9999||||xx |||||||||||||| ||und|| | ||
| 020 | _a9781259025778 | ||
| 040 | _coclc | ||
| 082 |
_a547 _bCAR/O |
||
| 100 |
_aCarey, Francis A _94068 |
||
| 245 | 0 |
_aOrganic Chemistry / _cFrancis A Carey ; Robert M Giuliano |
|
| 250 | _a8th Ed. | ||
| 260 |
_bTata Mcgraw Hill Publishing Company Ltd, _c2012. _aNew Delhi: |
||
| 300 | _a1247p | ||
| 650 | _aOrganic Chemistry | ||
| 942 |
_cBK _2ddc _h547 _iCAR/O _k547 _mCAR/O |
||